00719 2200241 4500001002100000005001700021008004100038035002400079040001200103082001500115084001500130090001500145245012200160250001100282260004600293300003100339650002800370700001600398850001200414990001700426990001700443990001700460INLIS00000000000090120141119132510.0  0010-111400000000259 aYOPDYOG a499.22 Bah a499.22 Bah a499.22 Bah aBAHASA Nusantara suatu pemetaan awal :bGambaran tentang bahasa-bahasa daerah di Indonesiac/ penyunting, Ajip Rosidi aCet.1. aJakartabPagelaran Bahasa Nusantarac1999 a150 hlm.c; 21 cm [3 eks.] aBahasa Daerah-Indonesia aAjip Rosidi aYOPDYOG a9779-PD/B.14 a9780-PD/B.14 a9781-PD/B.14